Taller de practicas fiscales ISR, IVA, IMSS, INFONAVIT 2018

Bibliographic Details
Main Author: Campero Guerrero, Eladio
Other Authors: Přez Chv̀ez, Još, Fol Olgun̕, Raymundo
Format: eBook
Language:Spanish
Published: Ciudad de Mx̌ico: Tax Editores, 2018
Subjects:
Online Access:Acceso restringido

MARC

LEADER 00000nam a22000007a 4500
005 20180511234759.0
007 cr|||| ||||
008 180511s2018 mx |||||s|||| 00||0 spa d
020 |a 978-607-629-166-5 
035 |a 21668 
040 |a vLex 
090 |c 7955  |d 7955 
100 1 |a Campero Guerrero, Eladio 
245 1 0 |a Taller de practicas fiscales ISR, IVA, IMSS, INFONAVIT 2018  |h [Recurso electrn̤ico] /  |c Eladio Campero Guerrero, Jos ̌Přez Chv̀ez, Raymundo Fol Olgun̕ 
256 |a Servicio en ln̕ea 
260 |a Ciudad de Mx̌ico:  |b Tax Editores,  |c 2018 
300 |a 1 recurso electrn̤ico 
500 |a Mediante esta obra el lector estar ̀en posibilidad de entender y aplicar de manera inmediata las disposiciones fiscales que contienen nuestros principales ordenamientos tributarios federales, tales como: las leyes del Impuesto sobre la Renta, Impuesto al Valor Agregado, de Ingresos de la Federacin̤ para el Ejercicio Fiscal de 2018; Cd̤igo Fiscal de la Federacin̤; cuotas obrero-patronales al IMSS; y aportaciones al Infonavit. Lo anterior se logra mediante sencillos casos prc̀ticos alusivos a cada tema. El presente libro est ̀dirigido a los estudiantes de la materia fiscal, maestros de contribuciones, a los encargados de cumplir con las obligaciones fiscales de las personas fs̕icas y morales y, en general, a cualquier persona que se interese en la materia tributaria. 
506 1 |a Disponible solo en los productos indicados  |d vLex Global  |d vLex Global (Academic Edition, excluding Law Schools)  |d vLex Global (U.S. Academic Edition, Law Schools)  |d vLex Global (U.S. Academic Edition, excluding Law Schools)  |d vLex Global (Academic Edition, Law Schools) 
650 0 4 |a Derecho Fiscal  |z Mx̌ico 
700 1 |a Přez Chv̀ez, Još 
700 1 |a Fol Olgun̕, Raymundo 
740 0 |a vLex Libros (Servicio en ln̕ea) 
856 4 0 |u http://vlex.com/source/taller-de-practicas-fiscales-isr-iva-imss-infonavit-2018-21668  |z Acceso restringido 
942 |c BOOK 
999 0 |a Tax Law